How great decisions get made : (Record no. 346777)
[ view plain ]
| 000 -LEADER | |
|---|---|
| fixed length control field | 01944 a2200181 4500 |
| 020 ## - INTERNATIONAL STANDARD BOOK NUMBER | |
| International Standard Book Number | 0814407935 (hardcover) |
| 020 ## - INTERNATIONAL STANDARD BOOK NUMBER | |
| International Standard Book Number | 9780814407936 (hardcover) |
| 082 04 - DEWEY DECIMAL CLASSIFICATION NUMBER | |
| Classification number | 658.4036 |
| 090 ## - LOCALLY ASSIGNED LC-TYPE CALL NUMBER (OCLC); LOCAL CALL NUMBER (RLIN) | |
| -- | 4332 |
| -- | 4332 |
| 100 1# - MAIN ENTRY--PERSONAL NAME | |
| Personal name | Maruska, Don. |
| 245 10 - TITLE STATEMENT | |
| Title | How great decisions get made : |
| Remainder of title | 10 easy steps for reaching agreement on even the toughest issues / |
| Statement of responsibility, etc. | Don Maruska, Margaret J. Wheatley. |
| 260 ## - PUBLICATION, DISTRIBUTION, ETC. | |
| Place of publication, distribution, etc. | [S.l.] : |
| Name of publisher, distributor, etc. | AMACOM, |
| Date of publication, distribution, etc. | 2003. |
| 300 ## - PHYSICAL DESCRIPTION | |
| Extent | 208 p. ; |
| Dimensions | 24 cm. |
| 520 ## - SUMMARY, ETC. | |
| Summary, etc. | Foreword by Meg Wheatley. All too often, solving tough work issues can become a tug of war as clashing departments, priorities, personality styles, and other concerns threaten to destroy any possibility of a successful conclusion. But by sharing hopes, and focusing on information rather than debate, the path to agreement can become wonderfully clear. How Great Decisions Get Made. shows how to bring out the best in people, so that the process of decision making cements groups together rather than pulling them apart. The book gives readers a simple 10-step process to help their people overcome seemingly intractable differences, paving the way for groups to: * Embrace a world view filled with the possibility of creating better results together * Shift their attention from the stale "What should we do?" to a fresh "How can we achieve what we really want?" attitude * Tap into who they are to define and articulate their hopes Readers looking for quick, exciting ways to energize their often contentious decision-making process will find all the help they need, from real-life scenarios showing the process in action to a self-assessment checklist. How Great Decisions Get Made provides the key to overcoming barriers, making people feel great about the work they do, and achieving extraordinary results. |
| 700 1# - ADDED ENTRY--PERSONAL NAME | |
| Personal name | Wheatley, Margaret J. |
| 856 40 - ELECTRONIC LOCATION AND ACCESS | |
| Materials specified | Amazon.com |
| Uniform Resource Identifier | <a href="http://www.amazon.com/exec/obidos/ASIN/0814407935/chopaconline-20">http://www.amazon.com/exec/obidos/ASIN/0814407935/chopaconline-20</a> |
| 942 ## - ADDED ENTRY ELEMENTS (KOHA) | |
| Institution code [OBSOLETE] | NBS |
| Koha item type | Book |
| Call number prefix | 658.4036 MAR |
| Withdrawn status | Lost status | Damaged status | Not for loan | Permanent Location | Current Location | Date acquired | Total Checkouts | Total Renewals | Full call number | Barcode | Date last seen | Date last checked out | Price effective from | Koha item type |
|---|---|---|---|---|---|---|---|---|---|---|---|---|---|---|
| Central Library (CL) | Central Library (CL) | 08/28/2013 | 2 | 1 | 658.4036 MAR | NBS6572 | 06/01/2025 | 01/11/2025 | 08/28/2013 | Book |
